000 00567nam a2200181Ia 4500
003 GCL
008 140319s9999 xx 000 0 ara d
040 _aGCL /
_cGCL
082 0 4 _a811.4
_bص ع
100 1 _aصلاح مصيلحى عبدالله
245 1 0 _aالعبث والانتحال فى الشعر العباسى /
_cصلاح مصيلحى عبدالله
260 _a[S.N] :
_bدار المعرفة الجامعية ،
_c1991
300 _a188 ص
490 _a
650 0 4 _aالشعر العربى
650 0 4 _aتاريخ ونقد
942 _2ddc
_cBK
999 _c53753
_d53753